| 000 | 00720cab a2200253 4500 | ||
|---|---|---|---|
| 001 | WB3322-33 | ||
| 008 | 090401t1997 xxu||||| |||| 00| 0 eng d | ||
| 035 | _a(Sirsi) u78758 | ||
| 041 | _aeng | ||
| 245 | _aSteering workers off the road | ||
| 260 | _c1997 | ||
| 350 | _a0 | ||
| 490 |
_aFinancial Times _v5 June 1997, 10,20(2) |
||
| 520 | _aExamines the `green commuter` initiative launched to show companies how to persuade employees to change their travel habits. | ||
| 650 | _aCOMMUTING | ||
| 650 | _aCONGESTION | ||
| 650 | _aGREEN COMMUTING | ||
| 650 | _aJOURNEYS TO WORK | ||
| 650 | _aPOLLUTION | ||
| 650 | _aTRAFFIC | ||
| 690 | _aTRANSPORT AND COMMUNICATIONS | ||
| 942 | _n0 | ||
| 948 | _c05/06/1997 | ||
| 999 |
_c49509 _d49509 |
||